000 02131nam a2200409 a 4500
999 _c11965
_d11965
003 BLK
005 20240603120118.0
008 180412b bul|||||r ||||||| ||bul||
010 _aKNG00013547000
020 _a954-07-0879-6
040 _aBLK
041 _aBUL
_cBUL
080 _aХудожествена обработка на метали
_b739
_x(497.21-22)
_z739(497.21-22)
080 _aПаметници на културата на историческите периоди. Археологическите паметници. Старини
_b904
_x(497.21-21)
_z904(497.21-21)
080 _aКласически митологии. Религии на Древна Гърция и Рим, етруска религия. Подразделя се като 291
_b292
_x(=919.885)
_z292(=919.885)
100 1 _aВенедиков, Иван Йорданов
_eпърви автор
_9252681
139 _aВенедиков, Иван Йорданов и др.
_bВ 46
245 1 0 _aТракийското съкровище от Летница [Ловешко]
_cИван Йорданов Венедиков; съавт. Иван Русев Маразов.
257 _aBGR
260 _bУнив. изд. Св. Климент Охридски
_c1996
300 _a50 с., 28 л.
_bил.
_c29 см
380 _a7
490 _aБиблиотека Културно-историческо наследство
_9201521
650 4 _aАрхеологически паметници - Летница, Ловешка обл
_9257092
650 4 _aИзкуство, тракийско
_9257093
650 4 _aТраки - религия
_9248956
653 _aсъкровища
653 _aЛетнишко съкровище
700 1 _aМаразов, Иван Русев
_d1942 -
_gИзкуствовед, културолог, траколог.
_992502
852 _aЦб ІІ 8702
856 4 _qpdf
_u
856 4 _qpdf
_u
942 _cKNG
_n0
_s1
944 _aCR
_c15.01.2003
_k30560
_lГеновева Генчева
944 _aED
_c26.06.2015
_kИрена_Линкова
999 _d11965